000 00828cam a2200241 a 4500
001 11850580
005 20180828050311.0
008 991126s2000 caua b 001 0 eng
010 _a 99050759
020 _a0787944823 (hard : acidfree paper)
040 _aDLC
_cDLC
_dDLC
041 _aeng
080 _a370.1523
082 0 0 _a370.1523
_221
100 1 _a46
101 _aEDU
245 1 0 _aLearning that lasts :
_cMarcia Mentkowski and associates.
504 _aIncludes bibliographical references (p. 465-499) and indexes.
906 _a7
_bcbc
_corignew
_d1
_eecip
_f19
942 _2ddc
_cBK
999 _c47373
_d47373